Statistics for Mario Kart DS Characters

Click here to take the quiz!

General Stats

  • This quiz has been taken 56 times
    (52 since last reset)
  • The average score is 12 of 13

Answer Stats

Weight ClassAnswer% Correct
HeavyBowser
100%
MediumDaisy
100%
MediumMario
100%
LightPeach
100%
MediumLuigi
97%
LightToad
97%
HeavyDonkey Kong
95%
LightYoshi
95%
HeavyWario
92%
MediumWaluigi
89%
LightDry Bones
84%
HeavyRob
84%
LightShy Guy
63%

Score Distribution

Percentile by Number Answered

Percent of People with Each Score

Your Score History

You have not taken this quiz since the last reset